Intelligent testing with the WISC-R / (Record no. 779)

MARC details
000 -LEADER
fixed length control field 00757cam a2200253 i 4500
005 - DATE AND TIME OF LATEST TRANSACTION
control field 20260322212034.0
008 - FIXED-LENGTH DATA ELEMENTS--GENERAL INFORMATION
fixed length control field data
010 ## - LIBRARY OF CONGRESS CONTROL NUMBER
LC control number 78031174
020 ## - INTERNATIONAL STANDARD BOOK NUMBER
International Standard Book Number 0471049719
020 ## - INTERNATIONAL STANDARD BOOK NUMBER
International Standard Book Number 9780471049715
050 0# - LIBRARY OF CONGRESS CALL NUMBER
Classification number BF432.5.W42
Item number K38
096 ## - LOCALLY ASSIGNED NLM-TYPE CALL NUMBER (OCLC)
Classification number W 42 K38 1979
001 - CONTROL NUMBER
control field data
100 1# - MAIN ENTRY--PERSONAL NAME
Personal name Kaufman, Alan S.,
Dates associated with a name 1944-
245 10 - TITLE STATEMENT
Title Intelligent testing with the WISC-R /
Statement of responsibility, etc. Alan S. Kaufman.
260 0# - PUBLICATION, DISTRIBUTION, ETC.
Place of publication, distribution, etc. New York :
Name of publisher, distributor, etc. Wiley,
Date of publication, distribution, etc. c1979.
300 ## - PHYSICAL DESCRIPTION
Extent xix, 268 p. ;
Dimensions 24 cm.
440 #0 - SERIES STATEMENT/ADDED ENTRY--TITLE
Title Wiley series on personality processes
500 ## - GENERAL NOTE
General note "A Wiley-Interscience publication."
500 ## - GENERAL NOTE
General note Includes indexes.
504 ## - BIBLIOGRAPHY, ETC. NOTE
Bibliography, etc. note Bibliography: p. 227-250.
590 ## - LOCAL NOTE (RLIN)
Local note Includes indexes. Bibliography: p. 227-250.
650 #0 - SUBJECT ADDED ENTRY--TOPICAL TERM
Topical term or geographic name entry element Wechsler Intelligence Scale for Children.
Holdings
Withdrawn status Lost status Damaged status Not for loan Home library Current library Shelving location Date acquired Total checkouts Full call number Barcode Date last seen Price effective from Koha item type
        Centerville Centerville General stacks 22/03/2026   BF432.5.W42 K38 BC0010801 22/03/2026 22/03/2026 Books